Guess the Fusion Rock Song Lyrics #206 - Statistics

General Stats
  • This quiz has been taken 12 times
  • The average score is 159 of 319
Answer Stats
Answer % Correct
I
100%
the
100%
The
100%
a
80%
And
80%
He
80%
he
80%
as
70%
had
70%
love
70%
me
70%
of
70%
Oh
70%
Sister Sledge
70%
That
70%
that
70%
to
70%
who
70%
would
70%
At
60%
but
60%
down
60%
ever
60%
from
60%
his
60%
in
60%
is
60%
it
60%
I've
60%
like
60%
my
60%
My
60%
on
60%
out
60%
what
60%
with
60%
you
60%
any
50%
dance
50%
head
50%
He's
50%
he's
50%
make
50%
man
50%
night
50%
One
50%
seen
50%
so
50%
take
50%
was
50%
will
50%
your
50%
body
40%
dancer
40%
greatest
40%
knew
40%
la
40%
moves
40%
never
40%
Ooh
40%
ooh
40%
thing
40%
eyes
30%
face
30%
kind
30%
looks
30%
not
30%
please
30%
toes
30%
alone
20%
best
20%
creme
20%
de
20%
home
20%
knows
20%
leaves
20%
still
20%
wasn't
20%
wow
20%
Adonis
10%
clothes
10%
disco
10%
felt
10%
finest
10%
Fiorucci
10%
Frisco
10%
Gucci
10%
guy
10%
Halston
10%
Hey
10%
outskirts
10%
place
10%
proud
10%
shame
10%
wears
10%
Arrogance
0%
boring
0%
caring
0%
champion
0%
complete
0%
conceit
0%
crowd
0%
cruisin
0%
designers
0%
dressed
0%
favorite
0%
filled
0%
gang
0%
heaven
0%
kill
0%
put
0%
really
0%
staring
0%
stuck
0%
touring
0%
towners
0%
trance
0%
No matching quizzes found
Score Distribution
Percent of People with Each Score
Percentile by Number Answered
Your Score History
You have not taken this quiz